000 005350000a22001810004500
003 MACL
005 20160426164611.0
008 160426b xxu||||| |||| 00| 0 eng d
040 _aMACL
_cMACL
041 _aHindi
082 _a800
100 _aमायाराम सुरजन
_950513
245 _aसबको सन्‍मति दे भगवान
260 _bसामयिक प्रकाशन
_c1993
_aदिल्‍ली
350 _a90
650 _aLiteracture
_954148
942 _cHIN
_k800/MAY/L
_2ddc
999 _c21275
_d21275